| 000 | 00624nam a2200205Ia 4500 | ||
|---|---|---|---|
| 003 | GCL | ||
| 008 | 140319s9999 xx 000 0 ara d | ||
| 040 |
_aGCL / _cGCL |
||
| 082 | 0 | 4 | _a418.02 |
| 100 | 1 | _aجورج مدبك | |
| 245 | 1 | 0 |
_aمن الفرنسية الى العربية: كيف نترجم بحثا او رسالة / _cجورج مدبك |
| 260 |
_a[S.N] : _bدار الراتب الجامعية |
||
| 300 | _a64 ص | ||
| 490 | _a | ||
| 650 | 0 | 4 | _aالترجمة العربية |
| 650 | 0 | 4 | _aاللغة الفرنسية |
| 650 | 0 | 4 | _aاللغة العربية |
| 650 | 0 | 4 | _aالتعريب |
| 942 |
_2ddc _cBK |
||
| 999 |
_c47128 _d47128 |
||